00336nam a2200133Ia 4500008004100000020001500041041001200056082001600068100001800084245005500102260002900157300000800186650000800194221030s9999 xx 000 0 und d a8170294207 aEnglish a105.23bHoe aA. M. Hoebook 0aInternational Diodes Equivalentscby A. M. Hoebook bBPB PubaNew Delhic1988 a135 aECE